000 00798nam a2200253 a 4500
001 65143
003 BD-RjUL
005 20211209081406.0
008 170228s1965 nyua 001 0 eng d
035 _a(BD-RjUL)65273
040 _aDLC
_cDLC
_dUKM
_dEQO
_dBD-RjUL
_beng
041 _aeng
082 _a599.938
_223
_bBRM 1965
100 1 _aBrace, C. Loring.
_9192948
245 1 0 _aMan's evolution :
_ban introduction to physical anthropology /
_cC. L. Brace and M. F. Ashley Montagu.
260 _aNew York :
_bMacmillan,
_c1965
300 _axii, 352 p. :
_bill. ;
_c22 cm.
500 _aIncludes Indexes.
650 0 _aHuman evolution
_9192946
650 0 _aPhysical anthropology.
_9192947
700 1 _aMontagu, Ashley, jt. auth.
_d1905-1999.
_9172033
942 _2ddc
_cBK
999 _c65143
_d65143